000 00842cab a2200253 4500
001 WB3444-21
008 090401t1998 xxu||||| |||| 00| 0 eng d
035 _a(Sirsi) u89792
041 _aeng
245 _aSecond review for PFI
260 _c1998
350 _a0
490 _aHM Treasury Press Release
_v(187) 12 November 1998 (3)
520 _aThe Paymaster General has announced a second review of the Private Finance Initiative and the Public Private Partnerships in advance of the Treasury Taskforce`s cessation in summer 1999.
650 _aPFI
650 _aPUBLIC PRIVATE PARTNERSHIPS
650 _aPRIVATE FINANCE INITIATIVE
650 _aPUBLIC PRIVATE PARTNERSHIPS
650 _aREVIEW
650 _aTREASURY TASKFORCE
690 _aPROPERTY-PROPERTY FINANCE AND INVESTMENT
942 _n0
948 _c18/11/1998
999 _c56838
_d56838